Robin Hood / (Record no. 173127)
[ view plain ]
| 000 -LEADER | |
|---|---|
| fixed length control field | 01470cam a2200325 a 4500 |
| 001 - CONTROL NUMBER | |
| control field | 11807893 |
| 003 - CONTROL NUMBER IDENTIFIER | |
| control field | Nust |
| 005 - DATE AND TIME OF LATEST TRANSACTION | |
| control field | 20170119090939.0 |
| 008 - FIXED-LENGTH DATA ELEMENTS--GENERAL INFORMATION | |
| fixed length control field | 991012r20001946nyu j 000 0 eng |
| 010 ## - LIBRARY OF CONGRESS CONTROL NUMBER | |
| LC control number | 99052851 |
| 020 ## - INTERNATIONAL STANDARD BOOK NUMBER | |
| International Standard Book Number | 9695160891 (pbk.) |
| 040 ## - CATALOGING SOURCE | |
| Original cataloging agency | DLC |
| Transcribing agency | DLC |
| Modifying agency | DLC |
| 042 ## - AUTHENTICATION CODE | |
| Authentication code | lcac |
| 050 00 - LIBRARY OF CONGRESS CALL NUMBER | |
| Classification number | PZ8.1.M247 |
| Item number | Ro 2000 |
| 082 00 - DEWEY DECIMAL CLASSIFICATION NUMBER | |
| Classification number | 398.2094202 |
| Author Mark | MCS |
| 100 1# - MAIN ENTRY--PERSONAL NAME | |
| Personal name | McSpadden, J. Walker |
| Fuller form of name | (Joseph Walker), |
| Dates associated with a name | 1874-1960. |
| 245 10 - TITLE STATEMENT | |
| Title | Robin Hood / |
| Statement of responsibility, etc. | J. Walker McSpadden. |
| 260 ## - PUBLICATION, DISTRIBUTION, ETC. | |
| Place of publication, distribution, etc. | Mineola, N.Y. : |
| Name of publisher, distributor, etc. | Dover Publications, |
| Date of publication, distribution, etc. | 2000. |
| 300 ## - PHYSICAL DESCRIPTION | |
| Extent | iv, 222 p. ; |
| Dimensions | 22 cm. |
| 440 #0 - SERIES STATEMENT/ADDED ENTRY--TITLE | |
| Title | Dover juvenile classics |
| 500 ## - GENERAL NOTE | |
| General note | Abridgement of: Robin Hood and his merry outlaws / by J. Walker McSpadden. 1904. |
| 504 ## - BIBLIOGRAPHY, ETC. NOTE | |
| Bibliography, etc. note | Includes bibliographical note |
| 520 ## - SUMMARY, ETC. | |
| Summary, etc. | Recounts the legend of Robin Hood, who plundered the king's purse and poached his deer and whose generosity endeared him to the poor. |
| 600 00 - SUBJECT ADDED ENTRY--PERSONAL NAME | |
| Personal name | Robin Hood |
| Titles and other words associated with a name | (Legendary character) |
| Form subdivision | Legends. |
| 600 01 - SUBJECT ADDED ENTRY--PERSONAL NAME | |
| Personal name | Robin Hood |
| Titles and other words associated with a name | (Legendary character) |
| Form subdivision | Legends. |
| 650 #1 - SUBJECT ADDED ENTRY--TOPICAL TERM | |
| Topical term or geographic name entry element | Folklore |
| Geographic subdivision | England. |
| 700 1# - ADDED ENTRY--PERSONAL NAME | |
| Personal name | McSpadden, J. Walker |
| Fuller form of name | (Joseph Walker), |
| Dates associated with a name | 1874-1960. |
| Title of a work | Robin Hood and his merry outlaws. |
| 856 42 - ELECTRONIC LOCATION AND ACCESS | |
| Materials specified | Publisher description |
| Uniform Resource Identifier | <a href="http://www.loc.gov/catdir/description/dover032/99052851.html">http://www.loc.gov/catdir/description/dover032/99052851.html</a> |
| 906 ## - LOCAL DATA ELEMENT F, LDF (RLIN) | |
| a | 7 |
| b | cbc |
| c | orignew |
| d | 1 |
| e | ocip |
| f | 19 |
| g | y-gencatlg |
| 942 ## - ADDED ENTRY ELEMENTS (KOHA) | |
| Source of classification or shelving scheme | |
| Koha item type | Book |
| Withdrawn status | Lost status | Source of classification or shelving scheme | Damaged status | Not for loan | Permanent Location | Current Location | Shelving location | Date acquired | Total Checkouts | Full call number | Barcode | Date last seen | Date last checked out | Copy number | Price effective from | Koha item type |
|---|---|---|---|---|---|---|---|---|---|---|---|---|---|---|---|---|
| Central Library (CL) | Central Library (CL) | Fiction | 01/19/2017 | 1 | 398.2094202 MCS | CL1956 | 06/06/2022 | 03/01/2022 | 1 | 01/19/2017 | Book |
